Masnawiat-e-Shoq/ (Record no. 614298)

000 -LEADER
fixed length control field 00618nam a22001817a 4500
082 ## - DEWEY DECIMAL CLASSIFICATION NUMBER
Classification number 891.4391
Author Mark NAW
100 ## - MAIN ENTRY--PERSONAL NAME
Personal name Nawab Mirza Lakhanawi
245 ## - TITLE STATEMENT
Title Masnawiat-e-Shoq/
Statement of responsibility, etc. Nawab Mirza Lakhanawi
260 ## - PUBLICATION, DISTRIBUTION, ETC.
Place of publication, distribution, etc. Karachi:
Name of publisher, distributor, etc. Anjuman Taraqqi Urdu,
Date of publication, distribution, etc. 1999.
300 ## - PHYSICAL DESCRIPTION
Extent 406 p.
Dimensions 22cm.
563 ## - BINDING INFORMATION
Binding note HB.
650 ## - SUBJECT ADDED ENTRY--TOPICAL TERM
Topical term or geographic name entry element Poetry - Urdu Literature.
700 ## - ADDED ENTRY--PERSONAL NAME
Personal name مرتبہ رشید حسن خاں
880 ## - ALTERNATE GRAPHIC REPRESENTATION
Linkage 100-01\(3\r
Title نواب مرزا لکھنوی
880 ## - ALTERNATE GRAPHIC REPRESENTATION
Linkage 245-02\(03\r
Title مثنویات شوق
880 ## - ALTERNATE GRAPHIC REPRESENTATION
Linkage 260-03\(03\r
Title کراچی
b انجمن ترقی اردو
c 1999.
942 ## - ADDED ENTRY ELEMENTS (KOHA)
Source of classification or shelving scheme
Koha item type Book
650 ## - SUBJECT ADDED ENTRY--TOPICAL TERM
-- 129745
700 ## - ADDED ENTRY--PERSONAL NAME
-- 129750
Holdings
Withdrawn status Lost status Source of classification or shelving scheme Damaged status Not for loan Permanent Location Current Location Shelving location Date acquired Total Checkouts Full call number Barcode Date last seen Price effective from Koha item type
          Central Library (CL) Central Library (CL) Urdu Literature 07/12/2025   891.4391 NAW CL-D-2901 07/12/2025 07/12/2025 Book
© 2023 Central Library, National University of Sciences and Technology. All Rights Reserved.